00503 2200181 4500001002100000005001500021008004100036020002500077035001900102041000700121090002100128100001900149245007100168260002600239300002900265500001100294650001600305INLIS00000000000096120241224112248241224||||||||| | ||| |||| || |  aISBN 978-602-8144-46 0010-1224000961 aid a370. 144 HER p/40 ahermawan aksan00aKarakter Bangsa Bersahabat, Gemar membaca Hingga Peduli Lingkungan bnuansa cendekiac2014 a122 hlm.; 15,5 x 23,5 cm aCet. 1 0aIlmu Sosial